| 000 | 00740nam a2200217Ia 4500 | ||
|---|---|---|---|
| 003 | GCL | ||
| 008 | 140319s9999 xx 000 0 ara d | ||
| 040 |
_aGCL / _cGCL |
||
| 082 | 0 | 4 |
_a412 _bم م |
| 100 | 1 | _aمحمد رشاد الحمزاوى | |
| 245 | 1 | 0 |
_aالمنهجية العامة لترجمة المصطلحات وتوحيدها وتنميطها / _cمحمد رشاد الحمزاوى |
| 300 | _a129 ص | ||
| 490 |
_aالهيئة العامة للاستعلامات _v0 |
||
| 650 | 0 | 4 | _aالاشتقاق |
| 650 | 0 | 4 | _aاللغة العربية |
| 650 | 0 | 4 | _aالفاظ |
| 650 | 0 | 4 | _aالكلمات الدخيلة |
| 650 | 0 | 4 | _aالمصطلحات |
| 650 | 0 | 4 | _aاللغة العربية - الاشتقاق |
| 942 |
_2ddc _cBK |
||
| 999 |
_c50671 _d50671 |
||